Odchod skromného kráľa 21 futbalových rokov

Bibliographic Details
Main Author: Telek, Peter (Author)
Format: Article
Language:Slovak
PhysicalDescription:Obr. 3.
Subjects:

MARC

LEADER 00000nab a2200000 a 4500
001 vtls000311589
003 SK-MaSNL
005 20260303101510.0
008 111201c1978 xo 0 slo
015 |a SNBRB19rr/mm-uuuuu 
035 |a CL0001681 
040 |a SNKBUCL  |b slo  |c SNKBUCL  |e AACR2 
041 0 |a slo 
044 |a xo  |c SK 
080 |a 796.3  |2 1981 
080 |a 92 Pelé  |2 1981 
100 1 |a Telek, Peter  |4 aut  |9 279479 
245 1 0 |a Odchod skromného kráľa  |b 21 futbalových rokov  |c Peter Telek 
300 |b Obr. 3. 
600 0 7 |a Pelé,  |d 1940-2022  |2 snkbucl  |9 102795 
655 7 |a články z novín a časopisov  |2 snkbucl  |9 267496 
773 0 |t Štart  |g Roč. 23, č. 1 (2. 1. 1978), s. 12-13 
850 |a Slovenská národná knižnica v Martine  |a MTA001 
852 |a SNK  |b KIS3GCP 
958 |a RK 
992 |a RBX 
999 |c 1838813  |d 1840743